000
00297nam a2200109Ia 4500
008
201210s9999 xx 000 0 und d
100
_a
Baxter, R. E. ; Phillips, Celia M.
245
0
_a
Ports and Inland Waterways / Civil Aviation
260
_a
New York
_b
Pergamon Press
300
_a
302
942
_c
BK
999
_c
5528
_d
5528